LIBRARY ONLINE CATALOGUE

A Dictionary of psychology / (Record no. 15156)

MARC details
000 -LEADER
fixed length control field 00667nam a22002172 4500
001 - CONTROL NUMBER
control field 0000018624
005 - DATE AND TIME OF LATEST TRANSACTION
control field 20151217161145.0
008 - FIXED-LENGTH DATA ELEMENTS--GENERAL INFORMATION
fixed length control field 100223s xx 000 0 eng d
020 ## - INTERNATIONAL STANDARD BOOK NUMBER
International Standard Book Number 0199534067 :
040 ## - CATALOGING SOURCE
Original cataloging agency KABU
Transcribing agency KABU
100 1# - MAIN ENTRY--PERSONAL NAME
Personal name Colman, Andrew M.
-- 0000177943
245 12 - TITLE STATEMENT
Title A Dictionary of psychology /
Statement of responsibility, etc. Andrew M. Colman.
250 ## - EDITION STATEMENT
Edition statement 3rd ed.
260 ## - PUBLICATION, DISTRIBUTION, ETC. (IMPRINT)
Place of publication, distribution, etc. Oxford :
Name of publisher, distributor, etc. O. U. P.,
Date of publication, distribution, etc. 2009.
300 ## - PHYSICAL DESCRIPTION
Extent xiii, 882 p.
650 #0 - SUBJECT ADDED ENTRY--TOPICAL TERM
Topical term or geographic name as entry element Psychology
Form subdivision Dictionaries.
-- 0000160548
852 1# - LOCATION
-- p1275 KES
852 1# - LOCATION
-- p1275 KES
908 ## - PUT COMMAND PARAMETER (RLIN)
Put command parameter 100223
950 ## - LOCAL HOLDINGS (RLIN)
-- 1
Holdings
Withdrawn status Lost status Source of classification or shelving scheme Not for loan Home library Current library Date acquired Total Checkouts Full call number Barcode Date last seen Price effective from Koha item type
    Library of Congress Classification Not For Loan Kabarak, Main Campus Kabarak, Main Campus 17/12/2015   BF31 .C65 2009 c. 1 18620 17/12/2015 17/12/2015 Reference
    Library of Congress Classification Not For Loan Kabarak, Main Campus Kabarak, Main Campus 17/12/2015   BF31 .C65 2009 c. 2 18621 17/12/2015 17/12/2015 Reference